000 00290nam a22001097a 4500
008 230704b xxu||||| |||| 00| 0 eng d
082 _a341.08
_bFOL 1958
245 _aDocuments on International Affairs 1955
260 _bOxford University Press
_c1958
300 _aXIX,513p
942 _2ddc
_cBK
999 _c3677
_d3677